| 000 | 01652nam0a2200349 4500 | ||
|---|---|---|---|
| 001 | RU\NLR\bibl\92897 | ||
| 005 | 20260607064815.0 | ||
| 010 |
_a5-7107-3096-3 _910000 |
||
| 021 |
_aRU _b2000-3432 _9170 |
||
| 021 |
_aRU _b2000-15448 _9749 |
||
| 035 | _a(NLR Aleph) 000090775 | ||
| 090 |
_a509204 _c509204 |
||
| 100 | _a20000619d2000 |||y0rusy50 ca | ||
| 101 | 0 | _arus | |
| 102 | _aRU | ||
| 105 | _aa ||||||||| | ||
| 200 | 1 |
_aОценка качества подготовки выпускников основной школы по математике _e[Сб. _fГ.В. Дорофеев, Л.В. Кузнецова, Г.М. Кузнецова и др.] _gМ-во образования Рос. Федерации |
|
| 210 |
_aМ. _cДРОФА _d2000 |
||
| 215 |
_a76, [1] с. _cил. _d20 |
||
| 606 | 0 |
_aМатематика _jЗадачники _9922118 _3RU\NLR\auth\6619329 |
|
| 686 | _aВ10я721-4 | ||
| 701 | 1 |
_4570 _7ca _8rus _aДорофеев _bГ. В. _f1938-2008 _gГеоргий Владимирович _9112221 _3RU\NLR\AUTH\772205 |
|
| 701 | 1 |
_4070 _7ca _8rus _aКузнецова _bЛ. В. _cматематик _gЛюдмила Викторовна _99334 _3RU\NLR\auth\7726291 |
|
| 701 | 1 |
_4070 _7ca _8rus _aКузнецова _bГ. М. _cпедагог, математика _gГалина Михайловна _9186469 _3RU\NLR\AUTH\770186520 |
|
| 712 | 0 | 1 |
_4570 _aРоссийская Федерация _bМинистерство образования _9280683 _3RU\NLR\AUTH\884572 |
| 801 | 0 |
_aRU _bNLR _c20000619 _gPSBO |
|
| 801 | 1 |
_aRU _bNLR _c20000619 |
|
| 852 |
_aNLR _j2000-4/2317 |
||
| 942 | _cBOOK | ||
| 980 | _aNB | ||